000 00689nam a2200229Ia 4500
003 OSt
005 20221005132506.0
006 a|||||r|||| 00| 0
007 ta
008 221004b |||||||| |||| 00| 0 eng d
024 _a58680
037 _cTextual
040 _aCRL
_cCRL
_beng
041 _2eng
_aeng
082 _aU8:2:M, A2
100 _aHeyne Benjamin
_9641220
245 0 _aTracts historical and statistical on India with journals of several tours through various parts of Peninsula also an account of Sumatra in a series of letters
260 _c1802
650 _aGEOGRAPHY
942 _hU8:2:M, A2
_cTEXL
_2cc
999 _c1063811
_d1063811